| 000 | 00928nam a2200325 a 4500 | ||
|---|---|---|---|
| 003 | AR-BaBNM | ||
| 005 | 20251128205510.0 | ||
| 008 | 082120s2002 ||||||||||||||000 | spa|| | ||
| 020 | _a950-718-097-4 | ||
| 040 | _cAR-BaBNM | ||
| 100 | 1 | _aKaufman, Gustavo Ariel | |
| 245 | 0 | 0 | _aLa seguridad jurídica y el progreso económico |
| 260 |
_aBuenos Aires _bTesis _c1993 |
||
| 300 |
_a131 p. _btablas |
||
| 500 | _aContiene anexo estadístico p. 123-125 | ||
| 500 | _aEstos trabajos recibieron el premio de ADEBA | ||
| 504 | _aLa bibliografía se encuentra a pie de página | ||
| 650 | 4 | _aSOCIOLOGIA POLITICA | |
| 650 | 4 | _aSEGURIDAD SOCIAL | |
| 650 | 4 | _aPOLITICA LABORAL | |
| 650 | 4 | _aSOCIOLOGIA INDUSTRIAL | |
| 650 | 4 | _aTRABAJO | |
| 650 | 4 | _aECONOMIA | |
| 650 | 4 | _aDERECHO | |
| 651 | 4 | _aArgentina | |
| 700 | 1 | _aPérez Pesado, César E. | |
| 700 | 1 | _aUrbiztondo, Santiago | |
| 942 | _cBK | ||
| 998 | _cmariana | ||
| 999 |
_c11641 _d11641 |
||